NCAA Football Consensus All-America First Team Selections (2015-2025) - Statistics

General Stats
  • This quiz has been taken 13 times
  • The average score is 82 of 290
Answer Stats
Year Position Team Player % Correct
2015 RB Alabama Derrick Henry
86%
2015 QB Clemson Deshaun Watson
86%
2015 TE Arkansas Hunter Henry
86%
2015 RB LSU Leonard Fournette
86%
2025 OL Iowa Logan Jones
86%
2020 QB Alabama Mac Jones
86%
2021 AP Houston Marcus Jones
86%
2020 DL Pitt Patrick Jones II
86%
2023 | 2024 DB Notre Dame Xavier Watts
86%
2016 DB USC Adoree Jackson
71%
2021 QB Alabama Bryce Young
71%
2025 OL Indiana Carter Smith
71%
2019 DL Ohio State Chase Young
71%
2022 DB Georgia Christopher Smith
71%
2016 DL Florida State Demarcus Walker
71%
2020 WR Alabama DeVonta Smith
71%
2023 OL Oregon Jackson Powers-Johnson
71%
2015 LB Notre Dame Jaylon Smith
71%
2025 WR Ohio State Jeremiah Smith
71%
2019 QB LSU Joe Burrow
71%
2017 DB Iowa Joshua Jackson
71%
2024 RB Iowa Kaleb Johnson
71%
2021 RB Michigan State Kenneth Walker III
71%
2021 DB Notre Dame Kyle Hamilton
71%
2016 QB Louisville Lamar Jackson
71%
2022 OL Ohio State Paris Johnson Jr.
71%
2017 LB Georgia Roquan Smith
71%
2017 DL Northern Illinois Sutton Smith
71%
2020 DL Coastal Carolina Tarron Jackson
71%
2021 DB Cincinnati Ahmad Gardner
57%
2015 DL Alabama A'Shawn Robinson
57%
2020 AP Boise State Avery Williams
57%
2022 RB Texas Bijan Robinson
57%
2020 | 2021 RB Iowa State Breece Hall
57%
2017 RB Stanford Bryce Love
57%
2022 QB USC Caleb Williams
57%
2016 OL Alabama Cam Robinson
57%
2024 QB Miami (FL) Cam Ward
57%
2019 WR Oklahoma CeeDee Lamb
57%
2015 AP Stanford Christian McCaffrey
57%
2016 OL Texas Connor Williams
57%
2016 WR Western Michigan Corey Davis
57%
2016 RB Florida State Dalvin Cook
57%
2021 WR Purdue David Bell
57%
2017 DB Ohio State Denzel Ward
57%
2018 DB LSU Greedy Williams
57%
2019 WR LSU Ja'Marr Chase
57%
2025 RB Notre Dame Jeremiyah Love
57%
2018 OL Alabama Jonah Williams
57%
2018 | 2019 RB Wisconsin Jonathan Taylor
57%
2021 DL Georgia Jordan Davis
57%
2018 DB Notre Dame Julian Love
57%
2022 | 2023 WR Ohio State Marvin Harrison Jr.
57%
2022 TE Notre Dame Michael Mayer
57%
2020 RB Alabama Najee Harris
57%
2024 DB California Nohl Williams
57%
2018 DL Alabama Quinnen Williams
57%
2025 WR Connecticut Skyler Bell
57%
2023 P Iowa Tory Taylor
57%
2021 TE Colorado State Trey McBride
57%
2019 | 2020 OL Ohio State Wyatt Davis
57%
2024 DL Penn State Abdul Carter
43%
2021 DL Michigan Aidan Hutchinson
43%
2019 OL Georgia Andrew Thomas
43%
2024 RB Boise State Ashton Jeanty
43%
2022 RB Michigan Blake Corum
43%
2023 TE Georgia Brock Bowers
43%
2024 | 2025 DB Ohio State Caleb Downs
43%
2019 RB Oklahoma State Chuba Hubbard
43%
2019 DB LSU Derek Stingley Jr.
43%
2019 DL Auburn Derrick Brown
43%
2021 | 2022 AP Kansas State Deuce Vaughn
43%
2016 RB Texas D'Onta Foreman
43%
2017 | 2018 DL Houston Ed Oliver
43%
2021 OL Alabama Evan Neal
43%
2025 QB Indiana Fernando Mendoza
43%
2024 TE Bowling Green Harold Fannin Jr.
43%
2025 LB Texas Tech Jacob Rodriguez
43%
2016 TE Michigan Jake Butt
43%
2021 K Michigan Jake Moody
43%
2022 DL Georgia Jalen Carter
43%
2015 DB Florida State Jalen Ramsey
43%
2023 QB LSU Jayden Daniels
43%
2023 OL Notre Dame Joe Alt
43%
2015 DL Ohio State Joey Bosa
43%
2021 WR Pitt Jordan Addison
43%
2015 WR TCU Josh Doctson
43%
2025 WR USC Makai Lemon
43%
2024 DL Michigan Mason Graham
43%
2021 P San Diego State Matt Araiza
43%
2017 OL Oklahoma Orlando Brown
43%
2023 LB NC State Payton Wilson
43%
2025 DL Miami (FL) Rueben Bain Jr.
43%
2024 WR Arizona Tetairoa McMillan
43%
2021 | 2022 LB Alabama Will Anderson Jr.
43%
2023 OL Michigan Zak Zinter
43%
2025 RB Missouri Ahmad Hardy
29%
2020 OL Alabama Alex Leatherwood
29%
2025 LB Ohio State Arvell Reese
29%
2017 QB Oklahoma Baker Mayfield
29%
2016 DB Washington Budda Baker
29%
2025 LB Georgia CJ Allen
29%
2023 RB Missouri Cody Schrader
29%
2015 WR Baylor Corey Coleman
29%
2025 DL Texas Tech David Bailey
29%
2018 DB Georgia Deandre Baker
29%
2016 WR Oklahoma Dede Westbrook
29%
2018 LB Michigan Devin Bush
29%
2021 LB Utah Devin Lloyd
29%
2022 DB Illinois Devon Witherspoon
29%
2020 WR Ole Miss Elijah Moore
29%
2025 TE Vanderbilt Eli Stowers
29%
2023 K Miami (OH) Graham Nicholson
29%
2021 OL NC State Ikem Ekwonu
29%
2019 LB Clemson Isaiah Simmons
29%
2022 LB Iowa Jack Campbell
29%
2022 WR Tennessee Jalin Hyatt
29%
2016 DL Alabama Jonathan Allen
29%
2020 K Miami (FL) Jose Borregales
29%
2018 LB Kentucky Josh Allen
29%
2021 DL Oregon Kayvon Thibodeaux
29%
2020 | 2021 OL Texas A&M Kenyon Green
29%
2024 DL South Carolina Kyle Kennard
29%
2020 TE Florida Kyle Pitts
29%
2023 DL UCLA Laiatu Latu
29%
2025 DB Notre Dame Leonard Moore
29%
2023 WR LSU Malik Nabers
29%
2017 TE Oklahoma Mark Andrews
29%
2017 OL Notre Dame Mike McGlinchey
29%
2016 | 2017 DB Alabama Minkah Fitzpatrick
29%
2018 OL Clemson Mitch Hyatt
29%
2016 DL Texas A&M Myles Garrett
29%
2024 WR San Jose State Nick Nash
29%
2023 RB Oklahoma State Ollie Gordon
29%
2017 OL Notre Dame Quenton Nelson
29%
2016 LB Alabama Reuben Foster
29%
2023 WR Washington Rome Odunze
29%
2018 AP Purdue Rondale Moore
29%
2016 OL Wisconsin Ryan Ramczyk
29%
2023 | 2024 AP Colorado Travis Hunter
29%
2018 QB Alabama Tua Tagovailoa
29%
2021 OL Iowa Tyler Linderbaum
29%
2024 DL Ole Miss Walter Nolen
29%
2024 OL LSU Will Campbell
29%
2024 WR Miami (FL) Xavier Restrepo
29%
2016 K Arizona State Zane Gonzalez
29%
2020 LB Tulsa Zaven Collins
29%
2019 DB Minnesota Antoine Winfield Jr.
14%
2017 DL NC State Bradley Chubb
14%
2021 AP South Florida Brian Battie
14%
2015 DL Penn State Carl Nassib
14%
2018 DL Clemson Christian Wilkins
14%
2016 | 2017 OL Washington State Cody O'Connell
14%
2023 OL Kansas State Cooper Beebe
14%
2023 DB Iowa Cooper DeJean
14%
2023 LB Alabama Dallas Turner
14%
2021 OL Kentucky Darian Kinnard
14%
2018 DB Alabama Deionte Thompson
14%
2021 DL Texas A&M Demarvin Leal
14%
2016 DL Tennessee Derek Barnett
14%
2015 DB Iowa Desmond King
14%
2018 LB LSU Devin White
14%
2015 AP Tennessee Evan Berry
14%
2018 | 2019 DB LSU Grant Delpit
14%
2019 TE Florida Atlantic Harrison Bryant
14%
2016 LB Michigan Jabrill Peppers
14%
2024 DB Texas Jahdae Barron
14%
2021 DB Baylor Jalen Pitre
14%
2020 LB Notre Dame Jeremiah Owusu-Koramoah
14%
2018 WR Alabama Jerry Jeudy
14%
2015 OL Stanford Joshua Garnett
14%
2025 OL Alabama Kadyn Proctor
14%
2015 K UCLA Ka'Imi Fairbairn
14%
2025 DL Ohio State Kayden McDonald
14%
2025 AP Texas A&M KC Concepcion
14%
2024 OL Texas Kelvin Banks Jr.
14%
2019 AP Kentucky Lynn Bowden Jr.
14%
2016 DB Ohio State Malik Hooker
14%
2025 DB LSU Mansoor Delane
14%
2017 P Texas Michael Dickson
14%
2021 LB Georgia Nakobe Dean
14%
2023 OL Penn State Olu Fashanu
14%
2019 OL Oregon Penei Sewell
14%
2017 RB San Diego State Rashaad Penny
14%
2015 OL Notre Dame Ronnie Stanley
14%
2017 AP Penn State Saquon Barkley
14%
2015 DL Clemson Shaq Lawson
14%
2015 OL Ohio State Taylor Decker
14%
2020 AP Clemson Travis Etienne
14%
2016 DB LSU Tre'Davious White
14%
2023 DL Texas T'vondre Sweat
14%
2015 LB Temple Tyler Matakevich
14%
2016 LB Vanderbilt Zach Cunningham
14%
2024 OL Western Michigan Addison West
0%
2024 P Florida State Alex Mastromanno
0%
2018 K Syracuse Andre Szmyt
0%
2018 WR Massachusetts Andy Isabella
0%
2017 WR Memphis Anthony Miller
0%
2018 OL Wisconsin Beau Benzschawel
0%
2018 OL Oklahoma Ben Powers
0%
2017 OL Ohio State Billy Price
0%
2025 DB USC Bishop Fitzgerald
0%
2018 P Texas A&M Braden Mann
0%
2019 DL Utah Bradlee Anae
0%
2020 OL BYU Brady Christensen
0%
2020 DB Northwestern Brandon Joseph
0%
2022 P Michigan State Bryce Baringer
0%
2022 DL Pitt Calijah Kancey
0%
2025 DL Texas A&M Cashius Howell
0%
2022 K NC State Christopher Dunn
0%
2022 DB Utah Clark Phillips III
0%
2018 DL Clemson Clelin Ferrell
0%
2025 P Western Michigan Cole Maynard
0%
2024 LB Oklahoma Danny Stutsman
0%
2017 AP Washington Dante Pettis
0%
2020 DL West Virginia Darius Stills
0%
2018 RB Memphis Darrell Henderson
0%
2020 DL Iowa Daviyon Nixon
0%
2017 DB Texas DeShon Elliott
0%
2024 DL Boston College Donovan Ezeiruaku
0%
2023 LB Texas A&M Edgerrin Cooper
0%
2022 DB Mississippi State Emmanuel Forbes
0%
2022 OL TCU Esteban Avila
0%
2019 LB California Evan Weaver
0%
2025 OL Miami (FL) Francis Mauigoa
0%
2018 OL NC State Garrett Bradbury
0%
2017 DL Washington State Hercules Mata'afa
0%
2022 LB Cincinnati Ivan Pace Jr.
0%
2018 WR Texas A&M Jace Sternberger
0%
2019 DL Baylor James Lynch
0%
2017 WR Oklahoma State James Washington
0%
2024 LB Iowa Jay Higgins
0%
2019 DB Ohio State Jeffrey Okudah
0%
2015 DB Duke Jeremy Cash
0%
2023 DL Illinois Jer'Zhan Newton
0%
2019 OL Clemson John Simpson
0%
2023 DL Utah Jonah Elliss
0%
2020 LB Texas Joseph Ossai
0%
2017 LB Iowa Josey Jewell
0%
2016 DB Michigan Jourdan Lewis
0%
2019 DB Georgia JR Reed
0%
2025 AP Iowa Kaden Wetjen
0%
2025 K Hawaii Kansei Matsuzawa
0%
2019 K Iowa Keith Duncan
0%
2024 K Louisiana Kenneth Almendares
0%
2020 OL Alabama Landon Dickerson
0%
2020 OL Notre Dame Liam Eichenberg
0%
2023 DB Georgia Malaki Starks
0%
2017 K Utah Matt Gay
0%
2017 DL Michigan Maurice Hearst Jr.
0%
2019 P Kentucky Max Duffy
0%
2017 WR Colorado State Michael Gallup
0%
2016 P Utah Mitch Wishnowsky
0%
2022 OL Florida O'Cyrus Torrence
0%
2016 OL Ohio State Pat Elflein
0%
2020 DB Alabama Patrick Surtain II
0%
2022 OL Northwestern Peter Skoronski
0%
2020 P Georgia Tech Pressley Harvin III
0%
2016 AP Pitt Quadree Henderson
0%
2020 DL Pitt Rashad Weaver
0%
2015 LB Alabama Reggie Ragland
0%
2015 OL Alabama Ryan Kelly
0%
2018 AP Utah State Savon Scarver
0%
2024 OL Ohio State Seth McLaughlin
0%
2024 LB Buffalo Shaun Dolac
0%
2020 DB Ohio State Shaun Wade
0%
2015 OL Baylor Spencer Drango
0%
2025 OL Utah Spencer Fano
0%
2020 DB USC Talanoa Hufanga
0%
2015 P Utah Tom Hackett
0%
2022 DL USC Tuli Tuipulotu
0%
2019 OL Wisconsin Tyler Biadasz
0%
2015 DB Florida Vernon Hargreaves III
0%
2021 DB Oregon Verone McKinley III
0%
2022 OL Michigan Victor Oluwatimi
0%
2024 OL West Virginia Wyatt Milum
0%
No matching quizzes found
Score Distribution
Percent of People with Each Score
Percentile by Number Answered
Your Score History
You have not taken this quiz